000 00701 a2200181 4500
001 144108
040 _cLeonardo Da Vinci
041 _aPortuguês
082 _aAP930 M887h
_bM887h
100 _aMOURA, José Carlos Pires de
245 _aHistória 3
_bhistória do Brasil
250 _aLTC
260 _bAnglo
_c1991
_aSão Paulo
300 _a143
362 _a20100818
697 _aHistória
_aBrasil
_aCrises
_aRepública
_aGoverno provisório
_aDeodoro da Fonseca
_aFloriano Peixoto
_aOligarquias
_aPrudente de Moraes
_aCampos Sales
_aRodrigues Alves
_aAfonso Pena
_aNilo Peçanha
_aHermes da Fonseca
_aWenceslau Brás
_aEpitácio Pessoa
_aArtur Bernardes
_aWashington Luís
_aPresidente
_aLTC
942 _cBK
999 _c144108
_d144108